00996nam a22002897a 45000010005000000030006000050050017000110080041000280400029000690500015000980820011001131000019001242450076001432600051002193000048002704900024003185050008003425200069003505210020004195210020004396500021004596500024004807000034005049420015005389990015005539520138005688425FISKH20250911113650.0250911b cb ||||| |||| 00| 0 eng d aFISKHbengcFISKHdFISKH aPZ10.H646  a813.54 aHoban, Russell aA bargain for Frances / cby Russell Hoban : Pictures by Lillian Hoban  aNew York : bHarperCollinsPublishers , c1970. a62 pages :bcolor illustrations ;c22 cm .  aAn I Can Read Book  aJ  aFrances foils Thelma's plot to trick her out of a new china set.8 a470 bLexile 8 aJ bRaz-Plus  aBadgersvFiction aFriendshipvFiction aHoban, Lillian eIllustrator  2ddccBKn0 c8425d8425 00102ddc40708JUVFa002b002cTTP Dark Blued2025-09-11l0oHOB 813.54 PZ10.H646 pFISBK00341r2025-09-11 11:35:29w2025-09-11yBK